| 000 | 00568nam#a2200193#c#4500 | ||
|---|---|---|---|
| 003 | IEF | ||
| 005 | 20180219163415.0 | ||
| 008 | 950601s1982 uuu####fr####| 0||u| |u | ||
| 040 | _aIEF | ||
| 100 | 1 |
_aCosta Martínez, Joaquín _911370 |
|
| 245 |
_aOligarquía y caciquismo como la forma actual de gobierno en España _c Joaquín Costa Martínez; prólogo de Alberto Gil Novales |
||
| 260 |
_aZaragoza _b Guara _c1982 |
||
| 300 |
_a2 v. _c21 cm. |
||
| 490 | _aObras;4-5 | ||
| 700 | 1 |
_aGil Novales, Alberto _918262 |
|
| 942 | _cLIB | ||
| 942 | _z48325 | ||
| 999 |
_c81139 _d81139 |
||